LEADER 01774nas 2200433 n 450 001 990008981970403321 005 20240229084338.0 011 $a1027-3115 035 $a000898197 035 $aFED01000898197 035 $a(Aleph)000898197FED01 035 $a000898197 091 $2CNR$aPT01095151 100 $a20161109a19??9999km-y0itaa50------ba 101 0 $amul 110 $aauu-------- 200 1 $aIOBC/WPRS bulletin 207 1$a19??- 210 $aMonfavet$cIOBC/WPRS 517 0 $aInternational Organization for Biological and Integrated Control of Noxious Animals and Plants, West Palaearctic Regional Section bulletin 517 0 $aIOBC WPRS bulletin 517 0 $aBulletin OILB SROP 517 0 $aBulletin OILB/SROP 530 0 $aIOBC/WPRS bulletin 531 $aIOBC/WPRS BULL. 675 $a591.5 675 $a577.4 675 $a582 675 $a593 801 0$aIT$bACNP$c20090723 859 4 $uhttp://acnp.cib.unibo.it/cgi-ser/start/it/cnr/dc-p1.tcl?catno=1095151&person=false&language=ITALIANO&libr=&libr_th=unina1$zBiblioteche che possiedono il periodico 901 $aSE 912 $a990008981970403321 958 $aBiblioteca del Dipartimento di Entomologia e Zoologia Agraria dell'Università degli Studi di Napoli Federico II$b1972-$fDAGEN 959 $aDAGEN 996 $aIOBC$9793624 997 $aUNINA AP1 8 $6866-01$aNA219 Biblioteca del Dipartimento di Entomologia e Zoologia Agraria dell'Università degli Studi di Napoli Federico II$eVia Università, 100, 80055 Portici (NA)$m0812539188$m0817755145$nit AP2 40$aacnp.cib.unibo.it$nACNP Italian Union Catalogue of Serials$uhttp://acnp.cib.unibo.it/cgi-ser/start/it/cnr/df-p.tcl?catno=1095151&language=ITALIANO&libr=&person=&B=1&libr_th=unina&proposto=NO